En busca del espíritu del capitalismo: ensayo sobre la tesis de Max Weber acerca de la ética protestante

Wedi'i Gadw mewn:
Manylion Llyfryddiaeth
Prif Awdur: Marshall, Gordon (autor)
Fformat: Llyfr
Iaith:Sbaeneg
Cyhoeddwyd: Ciudad de México Fondo de Cultura Económica 1986
Cyfres:Breviarios del Fondo de CUltura Económica, 400
Pynciau:
Tagiau: Ychwanegu Tag
Dim Tagiau, Byddwch y cyntaf i dagio'r cofnod hwn!

MARC

LEADER 00000nam a2200000 a 4500
001 UCX2207
003 CL-VaPUC
008 910403e19860000MX |||||||||||||||||spa|d
082 0 4 |a 330  |b MAR  |2 21 
100 |a Marshall, Gordon  |e autor  |9 318064 
245 1 0 |a En busca del espíritu del capitalismo: ensayo sobre la tesis de Max Weber acerca de la ética protestante 
300 |a 404 p 
942 |c BK 
945 |d 19910403 00:00:00 
260 |a Ciudad de México  |b Fondo de Cultura Económica  |c 1986 
600 0 7 |a WEBER, MAX  |2 CL-VaPUC  |9 314708 
650 0 |a Capitalismo  |9 255255 
583 |a last modification  |c 19910403 00:00:00  |k Rodrigo Vera 
490 0 |a Breviarios del Fondo de CUltura Económica, 400 
999 |c 223281  |d 223279 
952 |0 0  |1 0  |4 0  |6 330_000000000000000_MAR_1986  |7 0  |8 A  |9 218903  |a BIBHIS  |b BIBHIS  |d 2019-11-15  |i 2877031  |o 330 MAR 1986  |p 2877031  |r 2025-01-20  |w 2019-11-15  |y BK  |k HIS